| 000 | 00686cam a22002293a 4500 | ||
|---|---|---|---|
| 001 | 32019 | ||
| 003 | PGUSA | ||
| 005 | 20140828083707.0 | ||
| 008 | 100417s2010||||xxu|||||s|||||000 | eng d | ||
| 040 |
_aPGUSA _beng |
||
| 042 | _adc | ||
| 050 | 4 | _aE456 | |
| 100 | 1 | _aVance, Wilson J. | |
| 245 | 1 | 0 |
_aStone's River : _bThe Turning-Point of the Civil War _h[electronic resource] / _cWilson J. Vance |
| 260 |
_bProject Gutenberg, _c2010 |
||
| 506 | _aPublic domain in the USA. | ||
| 516 | _aElectronic text | ||
| 653 | _aStones River, Battle of, Murfreesboro, Tenn., 1862-1863 | ||
| 830 | 0 |
_aProject Gutenberg _v32019 |
|
| 856 | 4 | 0 | _uhttp://www.gutenberg.org/ebooks/32019 |
| 942 | _cEB | ||
| 999 |
_c261274 _d261274 |
||